Men who hate women & the women who love them/ (Record no. 736)

MARC details
000 -LEADER
fixed length control field 00589nam a2200217 a 4500
005 - DATE AND TIME OF LATEST TRANSACTION
control field 20260322212032.0
008 - FIXED-LENGTH DATA ELEMENTS--GENERAL INFORMATION
fixed length control field data
010 ## - LIBRARY OF CONGRESS CONTROL NUMBER
LC control number 85-48235
020 ## - INTERNATIONAL STANDARD BOOK NUMBER
International Standard Book Number 0553051350
020 ## - INTERNATIONAL STANDARD BOOK NUMBER
International Standard Book Number 978-0-553-05135-3
090 ## - LOCALLY ASSIGNED LC-TYPE CALL NUMBER (OCLC); LOCAL CALL NUMBER (RLIN)
Classification number (OCLC) (R) ; Classification number, CALL (RLIN) (NR) HQ 1206 F67 1986
001 - CONTROL NUMBER
control field data
100 1# - MAIN ENTRY--PERSONAL NAME
Personal name Forward, Susan
245 10 - TITLE STATEMENT
Title Men who hate women & the women who love them/
Statement of responsibility, etc. Susan Forward.
260 ## - PUBLICATION, DISTRIBUTION, ETC.
Place of publication, distribution, etc. New York
Name of publisher, distributor, etc. Bantam Books
Date of publication, distribution, etc. c1986
300 ## - PHYSICAL DESCRIPTION
Extent 294 p.
500 ## - GENERAL NOTE
General note Bibliography: p. 289-294.
650 02 - SUBJECT ADDED ENTRY--TOPICAL TERM
Topical term or geographic name entry element Men
Geographic subdivision United States
General subdivision psychology
650 #4 - SUBJECT ADDED ENTRY--TOPICAL TERM
Topical term or geographic name entry element Misogyny
Geographic subdivision United States
650 02 - SUBJECT ADDED ENTRY--TOPICAL TERM
Topical term or geographic name entry element Women
Geographic subdivision United States
General subdivision psychology
Holdings
Withdrawn status Lost status Damaged status Not for loan Home library Current library Shelving location Date acquired Total checkouts Full call number Barcode Date last seen Price effective from Koha item type
        Pleasant Valley Pleasant Valley General stacks 22/03/2026   GEN BC0010754 22/03/2026 22/03/2026 Books